آ ب گينے (مضا مين کا مجمو عہ) (Record no. 175605)

MARC details
000 -LEADER
fixed length control field 00691nam a22001937a 4500
005 - DATE AND TIME OF LATEST TRANSACTION
control field 20200910153537.0
010 ## - LCCN (DPL NO)
LC control number UR-10852
020 ## - INTERNATIONAL STANDARD BOOK NUMBER
Terms of availability 150.00
International Standard Book Number 9789389733198
035 ## - SYSTEM CONTROL NUMBER
System control number U-9407
037 ## - SOURCE OF ACQUISITION
Source of stock number/acquisition DBAD/PUB
082 ## - DEWEY DECIMAL CLASSIFICATION NUMBER
Classification number 844
100 ## - MAIN ENTRY--PERSONAL NAME
Personal name ا نصا ری نو ر فا طمہ
245 ## - TITLE STATEMENT
Title آ ب گينے (مضا مين کا مجمو عہ)
Statement of responsibility, etc ا نصا ری نو ر فا طمہ
246 ## - VARYING FORM OF TITLE
Remainder of title Aabgine (Urdu)
Title proper/short title by Ansari Noor Fatima
260 ## - PUBLICATION, DISTRIBUTION, ETC. (IMPRINT)
Place of publication, distribution, etc N.Delhi
Name of publisher, distributor, etc Educational Publishing House
Date of publication, distribution, etc 2019 ء
270 ## - ADDRESS
Address H.O.D1/16,Ansari Road,Darya ganj,
City N.Delhi
Postal code 110002
Telephone number 45678285,23216162
Fax number 0091-11-23211540
300 ## - PHYSICAL DESCRIPTION
Extent 123 ص
Dimensions 22 Cm(Hb)
942 ## - ADDED ENTRY ELEMENTS (KOHA)
Source of classification or shelving scheme Dewey Decimal Classification
Item type Urdu Bks
Classification part 844
Call number suffix ا ن ص
Holdings
Withdrawn status Lost status Not for loan Collection code Home library Current library Date acquired Source of acquisition Cost, normal purchase price Full call number Barcode Copy number Cost, replacement price Koha item type
      Non-fiction D.B.Act.Division D.B.Act.Division 10/09/2020 DBAD/PUB 150.00 844 ا ن ص U-9407 1 150.00 Urdu Bks

© Delhi Public Library
Hit Counter
free hit counter